<?xml version="1.0" encoding="UTF-8"?><?xml-stylesheet type="text/xsl" href="static/style.xsl"?><OAI-PMH xmlns="http://www.openarchives.org/OAI/2.0/" xmlns:xsi="http://www.w3.org/2001/XMLSchema-instance" xsi:schemaLocation="http://www.openarchives.org/OAI/2.0/ http://www.openarchives.org/OAI/2.0/OAI-PMH.xsd"><responseDate>2026-06-07T23:41:39Z</responseDate><request verb="GetRecord" identifier="oai:docta.ucm.es:20.500.14352/130573" metadataPrefix="marc">https://docta.ucm.es/rest/oai/request</request><GetRecord><record><header><identifier>oai:docta.ucm.es:20.500.14352/130573</identifier><datestamp>2026-01-20T01:12:55Z</datestamp><setSpec>com_20.500.14352_14</setSpec><setSpec>col_20.500.14352_18</setSpec></header><metadata><record xmlns="http://www.loc.gov/MARC21/slim" xmlns:dcterms="http://purl.org/dc/terms/" xmlns:xsi="http://www.w3.org/2001/XMLSchema-instance" xmlns:doc="http://www.lyncode.com/xoai" xsi:schemaLocation="http://www.loc.gov/MARC21/slim http://www.loc.gov/standards/marcxml/schema/MARC21slim.xsd">
   <leader>00925njm 22002777a 4500</leader>
   <datafield ind2=" " ind1=" " tag="042">
      <subfield code="a">dc</subfield>
   </datafield>
   <datafield ind2=" " ind1=" " tag="720">
      <subfield code="a">Olivares Olivares, Bernardo David</subfield>
      <subfield code="e">author</subfield>
   </datafield>
   <datafield ind2=" " ind1=" " tag="260">
      <subfield code="c">2021-09-30</subfield>
   </datafield>
   <datafield ind2=" " ind1=" " tag="520">
      <subfield code="a">Esta obra aborda uno de los problemas centrales y más complejos del Derecho Tributario contemporáneo: la inseguridad jurídica en la regulación de la elusión fiscal. Su principal innovación reside en su enfoque disruptivo y pionero, que trasciende el análisis jurídico-positivo tradicional para proponer un nuevo marco de estudio: el Derecho Tributario basado en la evidencia científica. Para ello, se integra junto al Derecho Tributario de forma sistemática el conocimiento de otras ciencias sociales, fundamentalmente la psicología social, con el fin de comprender el comportamiento del contribuyente y proponer soluciones normativas más eficaces.</subfield>
   </datafield>
   <datafield ind1="8" ind2=" " tag="024">
      <subfield code="a">978-84-1390-290-6</subfield>
   </datafield>
   <datafield ind1="8" ind2=" " tag="024">
      <subfield code="a">https://hdl.handle.net/20.500.14352/130573</subfield>
   </datafield>
   <datafield ind2="0" ind1="0" tag="245">
      <subfield code="a">El reto de regular la elusión tributaria hacia el derecho tributario basado en la evidencia</subfield>
   </datafield>
</record></metadata></record></GetRecord></OAI-PMH>